| 000 | 00548nam a22001577a 4500 | ||
|---|---|---|---|
| 003 | OSt | ||
| 005 | 20201015111853.0 | ||
| 008 | 201015b 2010 dr 00| 0 eng d | ||
| 040 |
_aDO-SdBNP _bspa _cBNPHU |
||
| 100 | 1 |
_aMirabal, Jabes, _d1974- _943322 |
|
| 245 | 1 | 0 |
_aEn medio de la maldad : _buna mano ha sido cortada...por completo / _cJabes Mirabal. |
| 260 |
_aSanto Domingo : _bGraphic Colonial, _c2010. |
||
| 300 |
_a131 p. _bil. ; _c22 cm. |
||
| 500 | _aIncluye datos biográficos del autor en la solapa de la contracubierta. | ||
| 942 |
_2ddc _cLBS1 |
||
| 999 |
_c48886 _d48886 |
||